Zamestnávanie občanov na kratší pracovný čas

Bibliographic Details
Main Author: Ďurecová, Mária (Author)
Format: Article
Language:Slovak
ISSN:1335-7034
Subjects:

MARC

LEADER 00000nab a2200000 a 4500
001 vtls000873740
003 SK-MaSNL
005 20260304132501.0
008 250429c2004 xo 0 slo
015 |a SNBRB2004/05-15964 
035 |a CLN000225292 
035 |a urn:nbn:sk:snk-ab73t3 
035 |a (uuid)9dbc4ae0-0cb2-4ca7-9cbb-633c170e7e30 
035 |a (urnnbn)urn:nbn:sk:snk:ar-a06s9z 
035 |a (sysno)vtls000873740 
040 |a SNKBUCL  |b slo  |c SNKBUCL  |e AACR2 
041 0 |a slo 
044 |a xo  |c SK 
080 |a 369.044:331.311  |2 1997 
080 |a 331.311  |2 1997 
100 1 |a Ďurecová, Mária  |4 aut  |9 849158 
245 1 0 |a Zamestnávanie občanov na kratší pracovný čas  |c Mária Ďurecová 
650 0 7 |a zamestnanci  |2 SNKPH  |9 16311 
650 0 7 |a kratší pracovný čas  |2 SNK  |9 131541 
650 0 7 |a povinné odvody  |2 SNK  |9 59777 
650 0 7 |a verejné poistné fondy  |2 SNK  |9 862489 
650 0 7 |a poistné  |2 SNK  |9 852762 
650 0 7 |a odvody  |2 SNKPH  |9 2124 
655 7 |a články z novín a časopisov  |2 SNK  |9 267496 
773 0 |t Dane a účtovníctvo v praxi  |g Roč. 9, č. 5 (2004), s. 60-62  |x 1335-7034 
850 |a Slovenská národná knižnica 
852 |a Slovenská národná knižnica 
954 |a odborná, vedecká literatúra pôvodná (slovenská)  |2 lita 
958 |a article27 
958 |a OND 
958 |a EUIPO 
992 |a RBX 
999 |c 2899028  |d 2900958